Team 10 Members (Jake Paul) - Statistics

General Stats
  • This quiz has been taken 7,288 times
    6,808 since last reset
  • The average score is 8 of 13
Answer Stats
Team 10 Members % Correct
Jake Paul
99%
Tessa Brooks
89%
Chance Sutton
82%
Erika Costell
82%
Anthony Trujillo
76%
Nick Crompton
74%
Ivan Martinez
64%
Emilio Martinez
60%
Chad Tepper
54%
Kade Speiser
51%
Tristan Tales
39%
Alex Lange
36%
Ray Diaz
24%
No matching quizzes found
Score Distribution
Percent of People with Each Score
Percentile by Number Answered
Your Score History
You have not taken this quiz since the last reset